Sorrows of the suppressed / (Record no. 126083)
[ view plain ]
| 000 -LEADER | |
|---|---|
| fixed length control field | 00712nam a22002417a 4500 |
| 003 - CONTROL NUMBER IDENTIFIER | |
| control field | 0 |
| 005 - DATE AND TIME OF LATEST TRANSACTION | |
| control field | 20180807122539.0 |
| 008 - FIXED-LENGTH DATA ELEMENTS--GENERAL INFORMATION | |
| fixed length control field | 0 |
| 010 ## - LIBRARY OF CONGRESS CONTROL NUMBER | |
| LC control number | B-109035 |
| 020 ## - INTERNATIONAL STANDARD BOOK NUMBER | |
| Terms of availability | 380.00 |
| 035 ## - SYSTEM CONTROL NUMBER | |
| System control number | B-109035, B-106954, B-106957 |
| 037 ## - SOURCE OF ACQUISITION | |
| Source of stock number/acquisition | Cen Lib/Ret |
| 040 ## - CATALOGING SOURCE | |
| Original cataloging agency | DPL |
| Language of cataloging | EN |
| Transcribing agency | 0 |
| 082 ## - DEWEY DECIMAL CLASSIFICATION NUMBER | |
| Classification number | 305.56 |
| Item number | BAL |
| 100 ## - MAIN ENTRY--PERSONAL NAME | |
| Personal name | Balwant Singh |
| 9 (RLIN) | 4941 |
| 245 ## - TITLE STATEMENT | |
| Title | Sorrows of the suppressed / |
| Statement of responsibility, etc | by Balwant Singh |
| 260 ## - PUBLICATION, DISTRIBUTION, ETC. (IMPRINT) | |
| Place of publication, distribution, etc | Saharanpur |
| Name of publisher, distributor, etc | Ambedkar Mission Publications |
| Date of publication, distribution, etc | 2004 |
| 270 ## - ADDRESS | |
| City | Uttar Pradesh |
| Address | A-215, Purana Avas Vikas Colony |
| Postal code | 247 001 |
| 300 ## - PHYSICAL DESCRIPTION | |
| Extent | 209p. : |
| Dimensions | 22cm(pbk) |
| 650 ## - SUBJECT ADDED ENTRY--TOPICAL TERM | |
| Topical term or geographic name as entry element | Dalits -- Crimes against |
| 9 (RLIN) | 8210 |
| 650 ## - SUBJECT ADDED ENTRY--TOPICAL TERM | |
| Topical term or geographic name as entry element | Untouchability in India |
| 9 (RLIN) | 11924 |
| 942 ## - ADDED ENTRY ELEMENTS (KOHA) | |
| Source of classification or shelving scheme | Dewey Decimal Classification |
| Koha item type | English Books |
| Classification part | 305.56 |
| Call number suffix | BAL |
| Withdrawn status | Lost status | Damaged status | Not for loan | Home library | Current library | Date acquired | Source of acquisition | Cost, normal purchase price | Total Checkouts | Total Renewals | Full call number | Barcode | Date last seen | Date checked out | Copy number | Cost, replacement price | Price effective from | Koha item type | Source of classification or shelving scheme | Collection code |
|---|---|---|---|---|---|---|---|---|---|---|---|---|---|---|---|---|---|---|---|---|
| Central Library | Central Library | 24/06/2015 | Cen Lib/Ret | 380.00 | 3 | 1 | 305.56 BAL | B-109035 | 03/12/2022 | 19/11/2022 | 1 | 380.00 | 24/06/2015 | English Books | ||||||
| Central Library | Central Library | 05/10/2016 | 1 | 305.56 BAL | B-106953 | 22/02/2023 | 28/01/2023 | 05/10/2016 | English Books | Dewey Decimal Classification | ||||||||||
| Patel Nagar | Patel Nagar | 26/07/2018 | BPPD/PUB | 380.00 | 305.56 BAL | B-106954 | 26/07/2018 | 380.00 | 26/07/2018 | English Books | Dewey Decimal Classification | Non-fiction | ||||||||
| Shahdara Branch | Shahdara Branch | 07/08/2018 | BPPD/PUB | 380.00 | 305.56 BAL | B-106957 | 07/08/2018 | 380.00 | 07/08/2018 | English Books | Dewey Decimal Classification | Non-fiction |
